Które gry są Polskie? - Statystyki

Ogólne statystyki
  • Ten quiz został rozwiązany 266 razy
  • Średni wynik to 5 z 15
Answers on the Grid
Answers color-coded by a green-red scale on the quiz's grid according to % correct below.
Wiedźmin
Spintires
Goat Simulator
Dead Island
Manor Lords
Half-Life 2
Dying Light 2
Ghostrunner
Minecraft
Fall Guys
Gothic II
Timberman
Cyberpunk 2077
Euro Truck Simulator 2
Rayman
Kangurek Kao
Metro Exodus
House Flipper
Payday 2
Age of History II
Superhot
Cities Skylines
911 Operator
League of Legends
Zaginięcie Ethana Cartera
Ark: Survival Evolved
Car Mechanic Simulator 2021
Brain Show: Party Quiz
 
Statystyki odpowiedzi
Odpowiedź % Poprawnych
Wiedźmin
97%
Cyberpunk 2077
63%
Dying Light 2
59%
Dead Island
41%
Kangurek Kao
37%
Superhot
29%
Ghostrunner
27%
Car Mechanic Simulator 2021
26%
Zaginięcie Ethana Cartera
25%
911 Operator
22%
Age of History II
22%
Manor Lords
20%
Brain Show: Party Quiz
19%
House Flipper
19%
Timberman
8%
Nie znaleziono quizów pasujących do podanych kryteriów
Rozkład punktacji
Procent ludzi z każdym wynikiem
Percentyl według liczby udzielonych odpowiedzi
Twoja historia wyników
Nie rozwiązałeś tego quizu